Biggest Cities in Massachusetts on a Map - Statistics

General Stats
  • This quiz has been taken 279 times
  • The average score is 8 of 10
Answers on the Map
Answers color-coded by a green-red scale on the quiz's map according to % correct below.
 
Answer Stats
Population City % Correct
617,660 Boston
99%
153,060 Springfield
89%
181,045 Worcester
88%
105,162 Cambridge
83%
106,519 Lowell
79%
95,072 New Bedford
69%
92,271 Quincy
66%
88,857 Fall River
62%
90,329 Lynn
60%
93,810 Brockton
54%
No matching quizzes found
Score Distribution
Percent of People with Each Score
Percentile by Number Answered
Your Score History
You have not taken this quiz